00475nam a2200193 a 4500001001300000003000900013005001700022008004100039020001000080082001600090100001600106245002400122260004000146300000900186500003500195505001700230650001800247700001600265nice12345678IN_TiNIC20260116012012.0050524s1950 u. a grp 000 0 eng  ac10000a270.82bPAC aPache, Rene aEcumenical Movement aU. S. abTheological Seminaryc1950 a130p aincludes index and biblioraphy2 aBibliography aEcumenicalism1 aPache, Rene